000
00329 a2200133 4500
001
66872
040
_c
Anchieta - Pituba
100
_a
Rozana Pires e Nancy
240
1
0
_a
2ª Avaliação de Redação, 1º série
_l
por
245
1
0
_a
2ª Avaliação de Redação, 1º série
362
0
_a
2018
650
4
_a
Redação
942
_c
BK
999
_c
66872
_d
66872